| 000 | 00814nam a22001937a 4500 | ||
|---|---|---|---|
| 005 | 20120211103959.0 | ||
| 010 | _a | ||
| 020 |
_c _a8186803017 |
||
| 035 | _aA-849897 | ||
| 037 |
_b _adpl |
||
| 082 | _a181.409 | ||
| 100 |
_aनागोरी, एस.एल _941573 |
||
| 245 | 1 |
_aप्राचीन भारतीय चिन्तन का इतिहास / _cएस.एल.नागोरी |
|
| 260 |
_aजयपुर _bनेशनल पब्लिशिंग हाउस _c1996 |
||
| 270 |
_a _b _e _k |
||
| 300 |
_a302पृ. _c21सेमी (सजिल्द) |
||
| 942 |
_adpl _cHN _k _2ddc _h181.409 _mनागोरी |
||
| 999 |
_c62529 _d62529 |
||